MARC

LEADER 00000nam0a2200000 4500
001 151893
005 20231101221606.0
035 |a (RuTPU)RU\TPU\book\164686 
090 |a 151893 
100 |a 20090128d1956 m y0engy50 ba 
101 0 |a eng 
102 |a GB 
105 |a a z 001zy 
200 1 |a Physical Chemistry  |f N. K. Adam 
210 |a Oxford  |c At the Clarendon Press  |d 1956 
215 |a 658 p.  |c il. 
320 |a Index: p. 647-659. 
606 1 |a Физическая химия  |2 stltpush  |3 (RuTPU)RU\TPU\subj\67669  |9 83390 
610 1 |a атомная теория 
610 1 |a атомы 
610 1 |a ядерные реакции 
610 1 |a газ 
610 1 |a кинетическая теория газов 
610 1 |a квантовая теория 
610 1 |a атомная спектра 
610 1 |a твердые вещества 
610 1 |a жидкость 
610 1 |a термодинамика 
610 1 |a гетерогенное равновесие 
610 1 |a электрохимия 
610 1 |a скорость 
610 1 |a гомогенные реакции 
610 1 |a молекулярная спектра 
610 1 |a фотохимия 
610 1 |a цепные реакции 
610 1 |a химия 
610 1 |a коллоиды 
610 1 |a английский язык 
675 |a 544  |v 3 
700 1 |a Adam  |b N. K.  |g Neil Kensington 
801 1 |a RU  |b 63413507  |c 20090128  |g PSBO 
801 2 |a RU  |b 63413507  |c 20230221  |g PSBO 
942 |c BK